000 00698nam a2200265Ia 4500
001 39743
005 20240114002105.0
007 ta
008 070907s1956 a g b000 u 465 u
040 _aCotton College,Assam
041 _a465
082 _a820.09
_bPr 939 Cr
100 _aPritchard, John Paul .
245 0 _aCriticism in America /
_cJohn Paul Pritchard.
_hTextual Documents
250 _a1st ed. /
260 _aLudhiana :
_bLyall Book Depot ,
_c1956.
300 _a325p. :
_bill ;
_c22cm .
500 _aReplaced 61921
653 _aHistory-America
653 _aT/G-History
942 _2ddc
_cBK
999 _c39715
_d39715